Γεωλογικός χάρτης της Ελλάδος νήσος Λήμνος : φύλλο Μύρινα : φύλλο Μούδρος = Geological map of Greece : Limnos island : Myrina sheet : Moudros sheet

Αποθηκεύτηκε σε:
Λεπτομέρειες βιβλιογραφικής εγγραφής
Κύριος συγγραφέας: Ρούσσος, Ν.
Συγγραφή απο Οργανισμό/Αρχή: Ινστιτούτο Γεωλογικών και Μεταλλευτικών Ερευνών
Άλλοι συγγραφείς: Κατσαούνης, Α.
Μορφή: Χάρτης
Γλώσσα:Greek
English
Δημοσίευση: [Χ.τ] : Ινστιτούτο Γεωλογικών και Μεταλλευτικών Ερευνών (ΙΓΜΕ), 1993.
Θέματα:
Ετικέτες: Προσθήκη ετικέτας
Δεν υπάρχουν, Καταχωρήστε ετικέτα πρώτοι!

MARC

LEADER 00000nem a2200000 a 4500
001 1/117643
008 181126s1993####gr ||||| |##|||||||gre||
034 1 |a a  |b 150000 
040 |a GR-MyUa  |b gre  |c GR-MyUa  |e AACR2 
041 0 |a gre  |a eng 
089 |p M   |a ΙΓΜΕ  |s 4Α-9  
100 1 |a Ρούσσος, Ν. 
245 1 0 |a Γεωλογικός χάρτης της Ελλάδος   |h [χάρτης] :   |b νήσος Λήμνος : φύλλο Μύρινα : φύλλο Μούδρος = Geological map of Greece : Limnos island : Myrina sheet : Moudros sheet /   |c γεωλογική χαρτογράφηση έγινε από τον Δρ. Ν. Ρούσσο ; συμμετείχε και ο γεωλόγος Α. Κατσαούνης.  
246 1 |i Παράλληλος τίτλος:   |a Geological map of Greece :   |b Limnos island : Myrina sheet : Moudros sheet  
255 |a Κλίμακα 1:50.000 ;   |b ισοδιάστασις 40 μ.  
260 |a [Χ.τ] :   |b Ινστιτούτο Γεωλογικών και Μεταλλευτικών Ερευνών (ΙΓΜΕ),   |c 1993.  
300 |a 2 χάρτες :   |b έγχρ. ;   |c 70 x 99 εκ.  
500 |a Γεωλογικός χάρτης.  
500 |a Υπόμνημα στα ελληνικά και στα αγγλικά.  
500 |a Πρόγραμμα εκπονήσεως Βασικού Γεωλογικού Χάρτης της Ελλάδος σε κλίμακα 1:50.000. Διεύθυνση Γεωλογίας και Γεωλογικών Χαρτογραφήσεων.  
500 |a 1 χάρτης ο οποίος έχει διαχωριστεί σε δύο μέρη.  
505 8 |a Μέρος Α, Μέρος Β.  
508 |a Παλαιοντολογικοί προσδιορισμοί: Δρ. Σ. Τσαΐλα-Μονόπωλη. Παλυνολογικοί προσδιορισμοί: Δρ. Χ. Ιωακείμ. Πετρογραφικές αναλύσεις πυριγενών και ιζηματογενών πετρωμάτων: Σ. Καραντάση. Ο διαχωρισμός επί του χάρτου των διαφόρων κατηγοριών ηφαιστειακών πετρωμάτων έγινε εν μέρει με βάση την εργασία της καθηγήτριας της Α.Γ.Σ. Δρ. Ε. Δάβη, για τα ηφαιστειακά πετρώματα της Λήμνου.  
508 |a Διευθυντής: Δρ. Αν. Μαυρίδης, Χαρτογραφία- Επιμέλεια: Γραφείο Εκδόσεως Γεωλογικών Χαρτών, Γεωλόγος: Ειρ. Χατζηκωνσταντή-Τσαλαχούρη, Σχεσίαση: Π. Γελαντάλης, Επίβλεψη σχεδίασης: Π. Βασάλος, Φωτογραφικές εργασίες: Φωτογραφικό εργαστήριο ΙΓΜΕ, Επίβλεψη εκτύπωσης: Γ. Γανωτής.  
508 |a Εκτύπωσις: ΛΙΘΟΠΡΙΝΤ - Λ. Σκουριάς Ε.Π.Ε. 
651 0 |a Limnos (Greece : Municipality)  |v Maps. 
651 0 |a Myrina (Limnos, Greece)  |v Maps. 
655 7 |a Geological maps  |2 lcgft 
700 1 |a Κατσαούνης, Α. 
710 2 |a Ινστιτούτο Γεωλογικών και Μεταλλευτικών Ερευνών. 
852 |a INST  |b LESVOS  |c MAP  |e 20181203  |h M ΙΓΜΕ/4Α-9  |p 005100060835  |q 005100060835  |t MAP  |v μερ.Α:  |y 23 
852 |a INST  |b LESVOS  |c MAP  |e 20181203  |h M ΙΓΜΕ/4Α-9  |p 005100060836  |q 005100060836  |t MAP  |v μερ.Β:  |y 23 
853 |a INST  |b LESVOS  |c MAP  |h M ΙΓΜΕ/4Α-9 
920 |a Εργαστήριο Χαρτογραφίας και Γεωπληροφορικής  |y Λέσβος-ΤΓ  |z 2018 
970 |a Καρά   |b Γιασεμή   |z 03/12/2018